A design for democracy : an abridgment of a report of The Adult Education Committee of The British Ministry of Reconstruction commonly called The 1919 Report :

Bibliographic Details
Other Authors: Waller, R. D. (Ross Douglas)
Format: Book
Language:English
Published: New York, N.Y. : Association Press, 1956.
Subjects:

MARC

Tag First Indicator Second Indicator Subfields
LEADER 00000cam a2200000 a 4500
001 in00000077047
005 20151008060515.0
008 770331s1956 nyu b 00100 eng d
035 |a (OCoLC)02852216 
035 |9 AAJ5906AM 
040 |a OSU  |c OSU  |d TXA  |d UtOrBLW 
049 |a TXAM  |c [1655437] 
090 |a LC5256.G7  |b D4 
245 0 2 |a A design for democracy :  |b an abridgment of a report of The Adult Education Committee of The British Ministry of Reconstruction commonly called The 1919 Report :  |b with an introduction The Years between /  |c by R.D. Waller. 
264 1 |a New York, N.Y. :  |b Association Press,  |c 1956. 
300 |a 222 pages ;  |c 22 cm. 
336 |a text  |b txt  |2 rdacontent 
337 |a unmediated  |b n  |2 rdamedia 
338 |a volume  |b nc  |2 rdacarrier 
504 |a Includes bibliographical references and index. 
650 0 |a Adult education  |z Great Britain. 
700 1 |a Waller, R. D.  |q (Ross Douglas) 
999 |a MARS 
999 f f |s 510dacf3-5459-3cc2-b2fa-5f67a3cc03ff  |i 0b3837cf-e6aa-3a35-a52c-23a55dc5b518  |t 0 
952 f f |p normal  |a Texas A&M University  |b College Station  |c Sterling C. Evans Library  |d Evans: Library Stacks  |t 0  |e LC5256.G7 D4  |h Library of Congress classification  |i unmediated -- volume  |m A14806164728 
998 f f |a LC5256.G7 D4  |t 0  |l Evans: Library Stacks